| 000 | 00925cam a2200181 4500 | ||
|---|---|---|---|
| 001 | ABS67158 | ||
| 008 | 031028n2003 000 0 eng u | ||
| 035 | _a(Sirsi) u124109 | ||
| 245 | _aSustainable drainage systems | ||
| 260 | _c2003 | ||
| 490 |
_aBuilding Engineer _v October 2003, 26-27(2) |
||
| 520 | _aLooks at the development of Sustainable Drainage Sstems (SUDS). Provides an overview of current research on SUDS schemes, including the recent consultation document "Framework for sustainable drainage systems in England and Wales" from the National SUDS Working Group. The new framework aims to ensure clear responsibilities and funding. The consultation document can be downloaded from http://www.environment-agency.gov.uk. | ||
| 590 | _aABS | ||
| 650 | _aSUSTAINABLE URBAN DRAINAGE SYSTEMS | ||
| 650 | _aDRAINAGE SYSTEMS | ||
| 690 | _aENVIRONMENTAL AND LAND CONSULTANCY-ENVIRONMENTAL MANAGEMENT | ||
| 942 | _n0 | ||
| 999 |
_c73671 _d73671 |
||